000 00780nam a2200277Ia 4500
003 OSt
005 20220926004114.0
006 a|||||r|||| 00| 0
007 ta
008 220923b |||||||| |||| 00| 0 eng d
020 _a0876927045
037 _cGeneral Book
040 _aRTL
_cRTL
_beng
041 _2eng
_aeng
082 _aX:51, M0;N1/TD3
100 _aKotler Philip
_922538
245 0 _aPrinciples of marketing
250 _a5
260 _a New Delhi
_bPrentice Hall
_c1991
300 _axx,711p.
_ccm.
500 _aBibliography chapterwise; Glossary: p 667-82
650 _aMarketing
_915998
700 _a Armstrong Gary
942 _hX:51, M0;N1/TD3
_cGB
_2CC
999 _c609798
_d609798